MARC

LEADER 00000nam0a2200000 4500
001 294299
005 20231102000701.0
035 |a (RuTPU)RU\TPU\book\319354 
090 |a 294299 
100 |a 20150512d1983 k y0rusy50 ca 
101 0 |a rus 
102 |a RU 
105 |a a z 001zy 
200 1 |a Совершенствование горной техники и технологии для открытых и подземных работ  |e сборник научных трудов  |f Государственный проектный и научно-исследовательский институт никель-кобальтовой промышленности (Гипроникель) ; под ред. В. Д. Линева 
210 |a Ленинград  |c Гипроникель  |d 1983 
215 |a 144 с.  |c ил. 
320 |a Библиография в конце статей 
606 1 |a Горное оборудование  |2 stltpush  |3 (RuTPU)RU\TPU\subj\7585  |9 35189 
610 1 |a горная техника 
610 1 |a горная технология 
610 1 |a открытые горные работы 
610 1 |a подземные горные работы 
610 1 |a карьеры 
610 1 |a подземные рудники 
610 1 |a санитарно-технические системы 
675 |a 622.002.5  |v 4 
702 1 |a Линев  |b В. Д.  |4 340 
712 0 2 |a Государственный проектный и научно-исследовательский институт никель-кобальтовой промышленности (Гипроникель)  |2 stltpush  |3 (RuTPU)RU\TPU\col\13629  |9 25734 
801 1 |a RU  |b 63413507  |c 20150512 
801 2 |a RU  |b 63413507  |c 20170721  |g RCR 
942 |c BK